Score 0/10 Timer 04:00
0 Plays Today
Can Color Flavor % Correct
RedOriginal
87.3%
Light GreenSour Cream and Onion
82.9%
BlueSalt and Vinegar
63.7%
WhitePizza
55.8%
PurpleBarbecue
37.4%
OrangeCheddar Cheese
34.9%
GreenJalapeno
14.9%
Light BrownLoaded Baked Potato
10.4%
BrownBacon Ranch
2.6%
Blue GreenSpicy Guacamole
1.2%
Come Together.
Have Fun.
All Virtual.
We all need to come together. Play Sporcle's virtual live trivia to have fun, connect with people, and get your trivia on. Join a live hosted trivia game for your favorite pub trivia experience done virtually. If a virtual private party is more your thing, go here for details.

You're not logged in!

Compare scores with friends on all Sporcle quizzes.
OR
Log In

Sporcle TV

Today on Sporcle TV


Watch our educational content, quiz creation guides, and fun videos on Sporcle TV.

Show Comments

Extras

Top Quizzes Today


Score Distribution

Paid Content

Your Account Isn't Verified!

In order to create a playlist on Sporcle, you need to verify the email address you used during registration. Go to your Sporcle Settings to finish the process.

Report this User

Report this user for behavior that violates our Community Guidelines.

Details: